Islām ke nāmvar farzand. (Record no. 64948)

MARC details
000 -LEADER
fixed length control field 00515cam a22002171 4500
001 - CONTROL NUMBER
control field sa 65006940
003 - CONTROL NUMBER IDENTIFIER
control field DLC
005 - DATE AND TIME OF LATEST TRANSACTION
control field 20260227112146.0
008 - FIXED-LENGTH DATA ELEMENTS--GENERAL INFORMATION
fixed length control field 890514s1964 xx 000 0 hino
010 ## - LIBRARY OF CONGRESS CONTROL NUMBER
LC control number sa 65006940
035 ## - SYSTEM CONTROL NUMBER
System control number (OCoLC)23538464
040 ## - CATALOGING SOURCE
Original cataloging agency DLC
Transcribing agency MiU
Modifying agency DLC
042 ## - AUTHENTICATION CODE
Authentication code premarc
050 00 - LIBRARY OF CONGRESS CALL NUMBER
Classification number BP70
Item number .Z3
100 1# - MAIN ENTRY--PERSONAL NAME
Personal name Zaidi, Nazar,
Dates associated with a name 1917-
245 10 - TITLE STATEMENT
Title Islām ke nāmvar farzand.
260 ## - PUBLICATION, DISTRIBUTION, ETC.
Date of publication, distribution, etc. [1964]
300 ## - PHYSICAL DESCRIPTION
Extent 176 p.
Dimensions 19 cm.
500 ## - GENERAL NOTE
General note Romanized.
650 #0 - SUBJECT ADDED ENTRY--TOPICAL TERM
Topical term or geographic name entry element Muslims
General subdivision Biography

No items available.

Powered by Koha